000 00634cam a22002293a 4500
001 17178
003 PGUSA
005 20140828083351.0
008 051128s2005||||xxu|||||s|||||000 1 eng d
040 _aPGUSA
_beng
042 _adc
050 4 _aPS
100 1 _aHarben, Will N.
_q(Will Nathaniel),
_d1858-1919
245 1 0 _aWesterfelt
_h[electronic resource] /
_cWill N. Harben
260 _bProject Gutenberg,
_c2005
506 _aPublic domain in the USA.
516 _aElectronic text
653 _aGeorgia -- Fiction
830 0 _aProject Gutenberg
_v17178
856 4 0 _uhttp://www.gutenberg.org/ebooks/17178
942 _cEB
999 _c246433
_d246433